| 000 | 00818nam a22001577a 4500 | ||
|---|---|---|---|
| 003 | OSt | ||
| 005 | 20150928145818.0 | ||
| 008 | 150928b xxu||||| |||| 00| 0 eng d | ||
| 040 | _cRUA | ||
| 082 | _aATM.Sp THO 2003 B059 Or.1 | ||
| 100 |
_91490 _aTHOU, EANGLY. |
||
| 245 | _aStudy on tomato production of farmers with technical assistant of Asia-urbs program in samrong tong district kompong speu province, ការសិក្សាផលិតកម្មដំណាំប៉េងប៉ោះរបស់កសិករដោយមានជំនួយបច្ចេកទេសពីគំរោងអាស៊ីយ៉ាអ៊ើបនៅស្រុកសំរោងទង ខេត្ដកំពង់ស្ពឺ | ||
| 260 |
_aPhnom Penh _bRUA _c2003 |
||
| 300 |
_a40p. _bill. _c29cm. |
||
| 942 |
_2ddc _cATMSP |
||
| 999 |
_c1400 _d1400 |
||